000 00802nam a2200253Ia 4500
003 OSt
005 20220926013353.0
006 a|||||r|||| 00| 0
007 ta
008 220923b |||||||| |||| 00| 0 eng d
037 _cGeneral Book
040 _aRTL
_cRTL
_beng
041 _2eng
_aeng
082 _aY773(P15).7351.N6, K6
100 _aDowns James F
245 0 _aTwo worlds of the Washo
_b An indian tribe of Califo
260 _aNew York
_bHolt Rinehart and Winston
_c1966
300 _aviii, 113p
_ccm.
490 _aCase Studies in Cultural Anthropology. Ed by George Spindler and Louise Spindler
500 _aBibliography: P 111-13
650 _aRed Indians
942 _hY773(P15).7351.N6, K6
_cGB
_2CC
999 _c625791
_d625791